Homophones A-Z - Statistics

General Stats
  • This quiz has been taken 162 times
    80 since last reset
  • The average score is 21 of 24
Answer Stats
Letter Hint Answer % Correct
D Die Dye
100%
K Knight Night
100%
E Eye I
99%
P Pair Pare | Pear
99%
C Cent Scent | Sent
99%
B Bare Bear
97%
A Ate Eight
97%
F Flower Flour
97%
G Great Grate
97%
N Nose Knows
94%
M Mail Male
94%
S Sea See
94%
R Red Read
93%
H Hear Here
92%
T Tail Tale
90%
O One Won
89%
I Idol Idle
85%
J Jeans Genes
83%
L Lead Led
81%
Q Queue Cue
71%
W Waste Waist
68%
V Vain Vein
64%
Y Yolk Yoke
57%
U Use Ewes
36%
No matching quizzes found
Score Distribution
Percent of People with Each Score
Percentile by Number Answered
Your Score History
You have not taken this quiz since the last reset